000 00429nam a2200157Ia 4500
008 140321s9999 xx 000 0 und d
020 _a9781592538331
050 _aZ 246.5.B76
_b.P976 2013
245 4 _aThe best of brochure design 12 /
260 _aMassachusetts :
_bRockport Pub.,
_cc2013.
300 _a224 p. :
_bcol. ill. ;
_c28 cm.
521 _aMA
650 _aBrosures
_xDesign.
942 _kFOR
_cBK
999 _c48536
_d48536